000 00382nam a2200145Ia 4500
008 231217s9999 xx 000 0 und d
041 _aEnglish
082 _a001.64404 MAN;5
100 _aMani, Subramanian.
245 0 _aNetwork management : Principles and practice
260 _c2000
_bPearson
_aDelhi
300 _axxiii+644
650 _aNetwork,management,:
942 _cAA
999 _c175217
_d175217